• Puente Candamo, José A. de la,

di Personal Name

Records bibliografici associati: 1

001 - CONTROL NUMBER

  • control field: 59455

003 - CONTROL NUMBER IDENTIFIER

  • control field: IT-RoINE

005 - DATE AND TIME OF LATEST TRANSACTION

  • control field: 20190508061551.0

008 - FIXED-LENGTH DATA ELEMENTS

  • fixed length control field: 190508|| aca||aabn | a|a d

040 ## - CATALOGING SOURCE

  • Original cataloging agency: IT-RoINE
  • Transcribing agency: IT-RoINE

100 ## - HEADING--PERSONAL NAME

  • Personal name: Puente Candamo, José A. de la,
  • Dates associated with a name: 1922-

670 ## - SOURCE DATA FOUND

  • Source citation: Work cat.: (IT-RoINE)0: Puente Candamo, José A. de la, 1922-, La independencia del Perú /, 1992.